000 00942nam a22002537a 4500
005 20170123164145.0
010 _aA-978242
020 _c100.00
_a8187654554
035 _aA-978242
037 _bCen Lib/Ret
040 _aDPL
_bPN
082 _a
_bਚਾਵਲਾ
100 _aਚਾਵਲਾ, ਪ੍ਰੀਤਮ
_9141950
245 _aਮਨ ਅੰਤਰ ਕੀ ਪੀੜ /
_cਪ੍ਰੀਤਮ ਚਾਵਲਾ
246 _aMan antar ki peerh /
_bby Pritam Chawla
260 _aਦਿੱਲੀ
_bਮਨਪ੍ਰੀਤ ਪ੍ਰਕਾਸ਼ਨ
_c2000
270 _a16/16 1st floor, ਗੀਤਾ ਕਾਲੋਨੀ
_bਦਿੱਲੀ
300 _a88p ;
_c20cm
650 _aਪੰਜਾਬੀ ਕਹਾਣੀਆਂ
_9141951
650 _aਸਾਹਿਤ -- ਪੰਜਾਬੀ
_9141952
650 _aliterature -- Punjabi
_9141953
650 _aPunjabi -- story
_9141954
942 _2ddc
_cPN
_h
_mਚਾਵਲਾ
999 _c109929
_d109929